| 000 | 02052nam a2200553 i 4500 | ||
|---|---|---|---|
| 001 | 24914 | ||
| 003 | KOSZ 005 | ||
| 005 | 20200430133747.0 | ||
| 008 | 980702s1995 pl a f |000 0 pol | ||
| 015 | _aUWD 1996/1315 | ||
| 020 | _a8370851657 | ||
| 035 | _a991003879089705066 | ||
| 035 | _a(PL-WaBN)b1103418x-48omnis_nlop | ||
| 035 | _ab1103418x | ||
| 035 | _a(OCoLC)830097689 | ||
| 035 | _a(PL)b0000001103418 | ||
| 035 | _a(EXLNZ-48OMNIS_NETWORK)9910470140505606 | ||
| 040 |
_aWA N _cWA N _dKOSZ 005/EG |
||
| 041 | 1 |
_apol _hger |
|
| 080 | _a621.9.06 | ||
| 080 | _a681.5 | ||
| 080 | _a(075.8) | ||
| 100 | 1 |
_aPritschow, Günter _eAutor |
|
| 245 | 1 | 0 |
_aTechnika sterowania obrabiarkami i robotami przemysłowymi / _cGünter Pritschow ; [tł. z niem. Bogusław Dembiński, Tomasz Koch]. |
| 260 |
_aWrocław : _bOficyna Wydawnicza Politechniki Wrocławskiej, _c1995. |
||
| 300 |
_a524 s. : _brys., wykr. ; _c24 cm. |
||
| 336 |
_aTekst _btxt _2rdacontent |
||
| 337 |
_aBez urządzenia pośredniczącego _bn _2rdamedia |
||
| 338 |
_aWolumin _bnc _2rdacarrier |
||
| 380 | _aKsiążki | ||
| 380 | _aPublikacje dydaktyczne | ||
| 385 |
_mPoziom nauczania _aSzkoły wyższe |
||
| 388 | _a1901-2000 | ||
| 388 | _a1989-2000 | ||
| 500 | _aManuskrypt wykładów aut. dla Uniwersytetu Technicznego w Stuttgarcie w r. akad. 1991/1992. | ||
| 504 | _aBibliogr. przy rozdz. | ||
| 650 | 7 |
_aObrabiarka sterowana numerycznie _2DBN |
|
| 650 | 7 |
_aRoboty i manipulatory przemysłowe _2DBN |
|
| 650 | 7 |
_aSterowanie _2DBN |
|
| 655 | 7 |
_aPodręczniki akademickie _2DBN |
|
| 658 | _aInżynieria i technika | ||
| 658 | _aInformatyka i technologie informacyjne | ||
| 700 | 1 |
_aDembiński, Bogusław _eTłumaczenie |
|
| 700 | 1 |
_aKoch, Tomasz _d(1956- ) _eTłumaczenie |
|
| 710 | 2 |
_aOficyna Wydawnicza Politechniki Wrocławskiej _4pbl |
|
| 856 |
_uhttp://koha.tu.koszalin.pl/cgi-bin/koha/opac-detail.pl?biblionumber=24914 _yKatalog online BPK |
||
| 942 |
_2UKD _cKS |
||
| 999 |
_c24914 _d24914 |
||